Statistiques concernant Chansons de Jean-Jacques Goldman par n'importe quel mot

Cliquez ici pour prendre le quiz!

Statistiques générales

  • Ce quiz a été pris 503 fois
  • Le résultat moyen est 66 sur 102

Statistiques - réponses

TitresAnnéesParutions% Correct
C'est pas d'l'amour1990Fredericks Goldman Jones
99%
À l'envers1981Jean-Jacques Goldman (Démodé)
98%
Elle a fait un bébé toute seule1987Entre gris clair et gris foncé
98%
Et l’on n’y peut rien2001Chansons pour les pieds
98%
Je l'aime aussi1990Fredericks Goldman Jones
98%
Je ne vous parlerai pas d'elle1982Jean-Jacques Goldman (Minoritaire)
98%
J't'aimerai quand même1981Jean-Jacques Goldman (Démodé)
98%
La vie c'est mieux quand on est amoureux2001Chansons pour les pieds
98%
Né en 17 à Leidenstadt1990Fredericks Goldman Jones
98%
À quoi tu sers1987Entre gris clair et gris foncé
97%
Il y a1987Entre gris clair et gris foncé
97%
Si je t'avais pas2001Chansons pour les pieds
97%
Il changeait la vie/ils sauvent des vies1987Entre gris clair et gris foncé
96%
Il suffira d'un signe1981Jean-Jacques Goldman (Démodé)
96%
Le Frère que j'ai choisi2004Prises Et Reprises (Michael Jones)
96%
Pas l'indifférence1981Jean-Jacques Goldman (Démodé)
96%
Si tu m'emmènes1982Jean-Jacques Goldman (Minoritaire)
96%
À nos actes manqués1990Fredericks Goldman Jones
95%
C'est pas vrai2001Chansons pour les pieds
94%
Elle ne me voit pas1999B.O. du film Astérix et Obélix contre César
94%
Parler d'ma vie1985Non homologué
94%
Quand la musique est bonne1982Jean-Jacques Goldman (Minoritaire)
93%
C'est ta chance1987Entre gris clair et gris foncé
91%
La vie par procuration1985Non homologué
91%
Chanson d'amour1990Fredericks Goldman Jones
90%
Quand la bouteille est vide1982Jean-Jacques Goldman (Minoritaire)
90%
Je te donne1985Non homologué
89%
Je chante pour ça1984Positif
88%
Je marche seul1985Non homologué
88%
Qu'elle soit elle1987Entre gris clair et gris foncé
88%
Reprendre c'est voler1987Entre gris clair et gris foncé
88%
Il me restera1987Entre gris clair et gris foncé
87%
Là-bas1987Entre gris clair et gris foncé
87%
Nous ne nous parlerons pas1984Positif
87%
Sache que je1997En passant
86%
Je voudrais vous revoir2001Chansons pour les pieds
85%
Il part1993Rouge
84%
La pluie2001Chansons pour les pieds
84%
Back to the city again1978sorti uniquement en single
82%
Compte pas sur moi1985Non homologué
82%
Des bouts de moi1987Entre gris clair et gris foncé
82%
Le coureur1997En passant
82%
Au bout de mes rêves1982Jean-Jacques Goldman (Minoritaire)
81%
Elle avait 17 ans1993Rouge
81%
Être le premier1982Jean-Jacques Goldman (Minoritaire)
81%
Je commence demain1987Entre gris clair et gris foncé
81%
Le Rapt1981Jean-Jacques Goldman (Démodé)
81%
Elle attend1985Non homologué
80%
En passant1997En passant
80%
Ne lui dis pas1993Rouge
80%
Tournent les violons2001Chansons pour les pieds
79%
Pas toi1985Non homologué
78%
Encore un matin1984Positif
76%
Que disent les chansons du monde ?1993Rouge
76%
Peur de rien blues1987Entre gris clair et gris foncé
75%
Quand tu danses1997En passant
75%
Quelque chose de bizarre1981Jean-Jacques Goldman (Démodé)
74%
Puisque tu pars1987Entre gris clair et gris foncé
73%
Juste un petit moment1981Jean-Jacques Goldman (Démodé)
71%
Comme toi1982Jean-Jacques Goldman (Minoritaire)
70%
Sans un mot1981Jean-Jacques Goldman (Démodé)
70%
Fermer les yeux1993Rouge
68%
Les Choses2001Chansons pour les pieds
68%
Les p'tits chapeaux2001Chansons pour les pieds
68%
Quelque part, quelqu'un1987Entre gris clair et gris foncé
68%
Les murailles1997Jean-Jacques Goldman (Démodé)
67%
Envole-moi1984Positif
66%
On ira1997En passant
63%
Entre gris clair et gris foncé1987Entre gris clair et gris foncé
61%
Bienvenue sur mon boulevard1985Non homologué
54%
Des vies1993Rouge
53%
Des vôtres1993Rouge
53%
Fais des bébés1987Entre gris clair et gris foncé
53%
Serre-moi1993Rouge
52%
Toutes mes chaînes1982Jean-Jacques Goldman (Minoritaire)
43%
Tout petit monde1987Entre gris clair et gris foncé
41%
Nos mains1997En passant
33%
Bonne idée1997En passant
32%
Rouge1993Rouge
32%
Long Is the Road (Américain)1984Positif
28%
Dors bébé dors1984Positif
23%
Juste après1993Rouge
21%
Petite fille1984Positif
20%
Famille1985Non homologué
19%
Juste quelques hommes1997En passant
19%
Ensemble2001Chansons pour les pieds
17%
Plus fort1984Positif
17%
Quel exil1981Jean-Jacques Goldman (Démodé)
16%
Nuit1990Fredericks Goldman Jones
15%
Minoritaire1982Jean-Jacques Goldman (Minoritaire)
14%
Jeanine médicaments blues1982Jean-Jacques Goldman (Minoritaire)
12%
Vivre cent vies1990Fredericks Goldman Jones
12%
Veiller tard1982Jean-Jacques Goldman (Minoritaire)
11%
Autre histoire1981Jean-Jacques Goldman (Démodé)
8%
Filles faciles1987Entre gris clair et gris foncé
8%
Doux1987Entre gris clair et gris foncé
7%
Natacha1997En passant
7%
Délires schizo maniaco psychotiques1985Non homologué
6%
Poussière2001Chansons pour les pieds
6%
Frères1993Rouge
5%
Peurs1990Fredericks Goldman Jones
5%
Appartenir1987Entre gris clair et gris foncé
4%

Distribution des résultats

Percentile par nombre de réponses

% des personnes avec chaque résultat

Votre développement - résultats

Vous n’avez pas pris ce quiz